| 000 | 00948cam a22003135a 4500 | ||
|---|---|---|---|
| 999 |
_c22167 _d22139 |
||
| 001 | 3545184 | ||
| 003 | EG-ScBUE | ||
| 005 | 20210121135907.0 | ||
| 008 | 971008s1998 nyu f 000 1 eng d | ||
| 020 | _a038549081X (pbk.) | ||
| 020 | _a9780385490818 | ||
| 040 |
_aDLC _beng _erda _cDLC _dDLC _dBUEsh _dEG-ScBUE |
||
| 082 | 0 | 4 |
_a813.54 _bATW _222 |
| 100 | 1 |
_aAtwood, Margaret, _d1939- _eauthor. _924901 |
|
| 245 | 1 | 4 |
_aThe handmaid's tale / _cMargaret Atwood. |
| 250 | _aFirst edition. | ||
| 264 | 1 |
_aNew York : _bAnchor Books, _c1998. |
|
| 300 |
_a311 pages ; _c21 cm |
||
| 336 |
_2rdacontent _atext _btxt |
||
| 337 |
_2rdamedia _aunmediated _bn |
||
| 338 |
_2rdacarrier _avolume _bnc |
||
| 650 | 7 |
_aMan-woman relationships _vFiction. _2BUEsh _924788 |
|
| 650 | 7 |
_aMisogyny. _2BUEsh _940735 |
|
| 650 | 7 |
_aWomen _vFiction. _2BUEsh _940736 |
|
| 651 | _2BUEsh | ||
| 653 |
_cAugust 2016 _bHHUUEENN |
||
| 655 |
_vReading book _934232 |
||
| 942 |
_2ddc _cBB |
||